Un barbare en Asie
Salvato in:
| Autore principale: | |
|---|---|
| Natura: | Libro |
| Lingua: | francese |
| Pubblicazione: |
París
Gallimard
1967
|
| Edizione: | 1a. ed |
| Soggetti: | |
| Tags: |
Aggiungi Tag
Nessun Tag, puoi essere il primo ad aggiungerne!!
|
MARC
| LEADER | 00000cam a2200000 a 4500 | ||
|---|---|---|---|
| 001 | UCD7712 | ||
| 003 | CL-VaPUC | ||
| 008 | 170407e19670000fr |||||||||||||||||fre|d | ||
| 082 | 0 | 4 | |a 910.95 |b MIC |2 21 |
| 100 | |a Michaux, Henri |e autor |9 332740 | ||
| 245 | 1 | 3 | |a Un barbare en Asie |
| 250 | |a 1a. ed | ||
| 300 | |a 232 p | ||
| 942 | |c BK | ||
| 945 | |d 20170407 16:56:00 |a dcastane | ||
| 260 | |a París |b Gallimard |c 1967 | ||
| 650 | 0 | |a Viajes y descripciones |9 363745 | |
| 650 | 0 | |a Asiáticos |9 506471 | |
| 651 | 0 | |a Asia |9 268338 | |
| 583 | |a last modification |c 20170407 16:56:00 |k Rodrigo Vera | ||
| 999 | |c 367664 |d 367662 | ||
| 952 | |0 0 |1 0 |3 erb |4 0 |6 910_950000000000000_MIC_1967 |7 0 |8 A |9 482682 |a BIBART |b BIBART |i 5385997 |o 910.95 MIC 1967 |p 5385997 |r 2025-03-13 |w 2019-11-24 |y BK |z Catalogado en:20170407 |k ART | ||